000 00709nam a2200229Ia 4500
003 OSt
005 20250821102829.0
008 221004b |||||||| |||| 00| 0 eng d
020 _a033391418X (pbk)
037 _cTextual
040 _aCRL
_cCRL
_beng
041 _2eng
_aeng
084 _aV1:19(R) P5
_bCL
100 _aBruchill Scott ...(et al)
_9615999
245 0 _aTheories of international relations
250 _a2nd
260 _aNew York
_bPalgrave Macmillam USA
_c2005
300 _aviii,322p.
_ccm.
650 _aINTERNATIONAL RELATIONS
942 _hV1:19(R) P5
_cTEXL
_2cc
_n0
999 _c997059
_d997059